| 000 | 00470cam a2200169ua 4500 | ||
|---|---|---|---|
| 020 | _c199.00 | ||
| 041 |
_aeng _h |
||
| 082 |
_a604.2 _bJOL/EN |
||
| 100 | _aJolhe, Dhananjay A . | ||
| 245 |
_aEngineering drawing with an introduction to AutoCAD / _cDhananjay A Jolhe. _hTextual Documents |
||
| 260 |
_aNew Delhi : _bTata Mc-Graw Hill Publishing Company , _c2008. |
||
| 300 | _a ; . | ||
| 365 | _a199.00 | ||
| 504 | _a | ||
| 942 | _cBK | ||
| 999 |
_c13411 _d13411 |
||